|
|
|
|
| LEADER |
00000nam a2200000Ii 4500 |
| 001 |
DIGUAZUAY0215 |
| 003 |
NyNyDIG |
| 006 |
m o d |
| 007 |
cr ||||||||||| |
| 008 |
251104s2018 ec ao o 000 0 spa d |
| 035 |
|
|
|a (OCoLC)1548424417
|
| 040 |
|
|
|a DGITA
|b eng
|e rda
|e pn
|c DGITA
|
| 020 |
|
|
|a 9789942778291
|q eBook
|
| 020 |
|
|
|z 9789978325575
|
| 050 |
1 |
4 |
|a NA2000 ebook
|
| 245 |
0 |
0 |
|a Taller vertical.
|n 02,
|p Proyectos UDA espacios de aprendizaje /
|c profesores locales, Rubén Culcay [and 3 others].
|
| 246 |
3 |
0 |
|a Proyectos UDA espacios de aprendizaje
|
| 264 |
|
1 |
|a Cuenca, [Ecuador] :
|b Universidad del Azuay, Casa Editora,
|c [2018]
|
| 300 |
|
|
|a 1 online resource :
|b illustrations, photographs.
|
| 336 |
|
|
|a text
|b txt
|2 rdacontent
|
| 337 |
|
|
|a computer
|b c
|2 rdamedia
|
| 338 |
|
|
|a online resource
|b cr
|2 rdacarrier
|
| 347 |
|
|
|a text file
|2 rdaft
|
| 347 |
|
|
|b PDF
|
| 588 |
0 |
|
|a Online resource; title from PDF title page (Digitalia, viewed November 4, 2025)
|
| 650 |
|
0 |
|a Architecture
|x Study and teaching.
|
| 700 |
1 |
|
|a Culcay, Rubén,
|e contributor agent of text.
|
| 791 |
2 |
|
|a Digitalia (Firm),
|e distributor.
|
| 793 |
0 |
|
|g Digitalia eBook Collection:
|a Universidad del Azuay
|
| 776 |
0 |
8 |
|i Print version:
|t Taller vertical. 02. Proyectos UDA espacios de aprendizaje.
|d Cuenca, [Ecuador] : Universidad del Azuay, Casa Editora, [2018]
|z 9789978325575
|
| 856 |
4 |
0 |
|3 Digitalia Hispánica
|u https://www.digitaliapublishing.com/a/133600/
|
| 910 |
|
|
|a Premium collection: 2025
|